| 000 | 01074nam a2200241Ia 4500 | ||
|---|---|---|---|
| 003 | Ost | ||
| 005 | 20260416102355.0 | ||
| 008 | 260416s9999||||xx |||||||||||||| ||und|| | ||
| 040 | _cfsecg | ||
| 041 | _aara | ||
| 082 | _a330 | ||
| 100 |
_aبورزق، ابراهيم فوزي _eمؤلف |
||
| 245 | 0 |
_aإقتصاد المؤسسة / _c ابراهيم فوزي بورزق |
|
| 260 |
_aالجزائر _bجامعة الجزائر3: كلية العلوم الإقتصادية، العلوم التجارية وعلوم التسيير _c2020 |
||
| 300 |
_a53 ورقة _bايضاحات _c30 سم |
||
| 504 | _aمراجع ص.52 | ||
| 520 | _aماهية المؤسسة ، تصنيفات المؤسسات الاقتصادية ، محيط المؤسسة و تنظيمها ووظائفها. | ||
| 653 | _aاقتصاد المؤسسة | ||
| 653 | _aالاقتصاد | ||
| 653 | _aالشركات | ||
| 710 |
_aجامعة الجزائر3: كلية العلوم الإقتصادية، العلوم التجارية وعلوم التسيير _eناشر علمي |
||
| 942 | _cHANDOUT | ||
| 999 |
_c41169 _d41169 |
||